| 000 | 00696nam a2200193 a 4500 | ||
|---|---|---|---|
| 001 | BRCA_916 | ||
| 005 | 20190320203214.0 | ||
| 008 | 110408s1999----fi-a---###---#000-0#eng-# | ||
| 020 | _a9529113870 | ||
| 050 | 4 |
_aNK5198.S2 _b.T56 1999 |
|
| 245 | 1 | 0 |
_aTimo Sarpaneva _bMillenium Meum. |
| 260 |
_aHelsinki _bTimo Sarpaneva : Veli-Matti Hilli _c1999 |
||
| 300 |
_a95 p. _bil. a color, fotografías _c26 cm. |
||
| 546 | _aTexto en : finés, inglés, francés y alemán | ||
| 600 | 1 | 4 |
_aSarpaneva, Timo _d1926- _vCatálogos _xProducción artística _93034 |
| 650 | 1 | 4 |
_aVidrio esmaltado _xEscultura _ySiglo XX _zFinlandia _93035 |
| 650 | 1 | 4 |
_aDiseñadores industriales _ySiglo XX _zFinlandia _93036 |
| 942 |
_2lcc _cB |
||
| 999 |
_c807 _d807 |
||